[Event "Morava Region-chTA"]
[Site "Czech Republic"]
[Date "2024.12.01"]
[Round "4.4"]
[White "Kubelka, Martin"]
[Black "Kampik, David"]
[Result "0-1"]
[WhiteElo "1862"]
[BlackElo "1670"]
[PlyCount "104"]
[EventDate "2024.10.13"]
[EventType "team-tourn"]
[EventRounds "11"]
[EventCountry "CZE"]
[SourceTitle "CB16_2025"]
[SourceDate "2025.04.16"]
[SourceVersion "1"]
[SourceVersionDate "2025.04.16"]
[SourceQuality "1"]
[WhiteTeam "Fulnek"]
[BlackTeam "Dolni Benesov II"]
[WhiteTeamCountry "CZE"]
[BlackTeamCountry "CZE"]

1. d4 d5 2. Nf3 g6 3. g3 Bg7 4. Bg2 Nf6 5. Nbd2 c6 6. 0-0 0-0 7. c4 Nbd7 8. e3 Qc7 9. Qc2 e6 10. b3 Nb6 11. Bb2 Bd7 12. Ne5 Rfd8 13. Rac1 Rac8 14. Ba3 Bf8 15. Bb2 Qb8 16. c5 Na8 17. Qd3 Be8 18. Rc2 Bg7 19. Qe2 Nd7 20. Nxd7 Bxd7 21. f4 f5 22. Bc3 Nc7 23. Ba5 b6 24. cxb6 axb6 25. Bb4 c5 26. dxc5 Bb5 27. Qd1 Na6 28. Bc3 Bxc3 29. Rxc3 Bxf1 30. Qxf1 Nxc5 31. Qb5 Ne4 32. Nxe4 fxe4 33. Rc6 Rd6 34. Rxc8+ Qxc8 35. Bf1 Qc6 36. Qb4 Qc5 37. Qd4 Qxd4 38. exd4 Rc6 39. Bb5 Rc2 40. a3 Rd2 41. Bd7 Kf7 42. b4 Ke7 43. Bb5 Rxd4 44. Kf2 Rd2+ 45. Kg1 Ra2 46. a4 Rb2 47. g4 Rxb4 48. Bc6 Rc4 49. Bb5 Rc2 50. h4 e3 51. h5 Rf2 52. hxg6 hxg6 0-1